00455 2200157 4500001002100000005001500021008004100036035001900077041000700096082000800103090001400111100001600125245005100141260007600192300002900268INLIS00000000000053120241224112204241224||||||||| | ||| |||| || |  0010-1224000531 aid0 a306 a306 TIM s0 aAbdul Chaer00aSeni Pertunjukan Karya dan Karsa Budaya Bangsa aJakartabPusat Kajian Lintas Budaya dan pembangunan Berkelanjutanc2007 a116 hlm.: ilus.; 25,5 cm